Movies Quiz

Random Movies or Famous Quiz

Biopic Movies II Quiz Stats

 Plays Quiz Updated Mar 28, 2016

Also try: Biopic Movies
Challenge
Share
Tweet
Score 0/25 Timer 07:00
0 Plays Today
% Correct
Walk the Line
93.1%
Ray
92.5%
Cleopatra
91.6%
Braveheart
91.2%
Gandhi
88.4%
A Beautiful Mind
88.2%
Lawrence of Arabia
85.7%
American Sniper
84.5%
Raging Bull
83.5%
12 Years a Slave
82%
The Aviator
80.7%
Shakespeare in Love
79.6%
Capote
77.6%
% Correct
Patton
75.5%
Steve Jobs
72.5%
Monster
72.4%
Chaplin
69.2%
Nixon
62.3%
Che: Part One
60.1%
The Last Emperor
57.4%
The Imitation Game
57.3%
My Left Foot
55.7%
Finding Neverland
53.1%
The Assassination of Jesse James by the Coward Robert Ford
29.1%
I'm Not There
21%

You're not logged in!

Compare scores with friends on all Sporcle quizzes.
OR
Log In

You Might Also Like...

Show Comments

Extras

Top Quizzes Today


Score Distribution

Your Account Isn't Verified!

In order to create a playlist on Sporcle, you need to verify the email address you used during registration. Go to your Sporcle Settings to finish the process.

Report this User

Report this user for behavior that violates our Community Guidelines.

Details: